Normal view
MARC view
Entry Personal Name
001 - CONTROL NUMBER
- control field: 44322
003 - CONTROL NUMBER IDENTIFIER
- control field: ARRUPE
005 - DATE AND TIME OF LATEST TRANSACTION
- control field: 20190131121053.0
008 - FIXED-LENGTH DATA ELEMENTS
- fixed length control field: 190131|| aca||aabn | a|a d
040 ## - CATALOGING SOURCE
- Original cataloging agency: ARRUPE
- Transcribing agency: ARRUPE
100 ## - HEADING--PERSONAL NAME
- Personal name: Philby, H. St. J. B.
- Fuller form of name: (Harry St. John Bridger),
- Dates associated with a name: 1885-1960.
670 ## - SOURCE DATA FOUND
- Source citation: Work cat.: (ARRUPE)0: Philby, H. St. J. B. (Harry St. John Bridger), 1885-1960., Sheba's daughters;, [1939]